000 01709nam a2200517 i 4500
001 45378
003 KOSZ 005
005 20220615122944.0
008 010509s2001 pl a |001 0 pol
015 _aUWD 2001/8164
020 _a838542864X
035 _a991016112209705066
035 _a(PL-WaBN)b14325548-48omnis_nlop
035 _ab14325548
035 _a(OCoLC)749830054
035 _a(PL)b0000001432554
035 _a(EXLNZ-48OMNIS_NETWORK)9910058073205606
040 _aWA N
_cWA N
_dKOSZ 005/HR
041 0 _apol
046 _k2001-
080 _a005.8
080 _a004.5
080 _a004.03
080 _a(075.8)
100 1 _aSzyjewski, Zdzisław
_d(1946- )
_eAutor
245 1 0 _aZarządzanie projektami informatycznymi :
_bmetodyka tworzenia systemów informatycznych /
_cZdzisław Szyjewski.
260 _aWarszawa :
_b"Placet",
_c2001.
300 _a302 s. :
_bil. ;
_c24 cm.
336 _aTekst
_btxt
_2rdacontent
337 _aBez urządzenia pośredniczącego
_bn
_2rdamedia
338 _aWolumin
_bnc
_2rdacarrier
380 _aKsiążki
388 _a2001-
490 1 _aBiblioteka Biznesmena
500 _aNa okł. podtyt.: czynniki sukcesu, wymiarowanie projektu.
504 _aBibliogr. - Indeks.
650 7 _aSystemy informatyczne
_2DBN
650 7 _aZarządzanie projektami
655 7 _aPodręczniki akademickie
_2DBN
658 _aInformatyka i technologie informacyjne
710 2 _aWydawnictwo Placet
830 0 _aBiblioteka Biznesmena
856 _uhttp://koha.tu.koszalin.pl/cgi-bin/koha/opac-detail.pl?biblionumber=45378
_yKatalog online BPK
942 _2UKD
_cKS
999 _c45378
_d45378